000 nam a22 7a 4500
999 _c329301
_d329301
003 Nust
005 20170502165306.0
008 170502b xxu||||| |||| 00| 0 eng d
040 _cDLC
082 _a297 ASH
100 _a297 ASH
245 _aبہشتی زیور مکمل و مدلل
260 _aLahore :
_bIlam o Irfan Publisher,
300 _a862p. :
942 _2ddc
_cBK